[Event "Regionalliga SW 1112"]
[Site "Bayern"]
[Date "2011.11.20"]
[Round "3.8"]
[White "Neidl, Hans"]
[Black "Schmiderer, Erwin"]
[Result "1-0"]
[WhiteElo "1818"]
[BlackElo "1607"]
[PlyCount "43"]
[EventDate "2011.10.02"]
[EventType "team-tourn"]
[EventRounds "9"]
[EventCountry "GER"]
[SourceTitle "EXT 2013"]
[Source "ChessBase"]
[SourceDate "2012.11.22"]
[SourceVersion "1"]
[SourceVersionDate "2012.11.22"]
[SourceQuality "1"]
[WhiteTeam "Garching II"]
[BlackTeam "Kaufbeuren"]
[WhiteTeamCountry "GER"]
[BlackTeamCountry "GER"]

1. Nf3 Nf6 2. c4 c5 3. Nc3 Nc6 4. d4 cxd4 5. Nxd4 d6 6. e4 Bd7 7. Be2 g6 8. 0-0 Bg7 9. Be3 0-0 10. f3 a6 11. Qd2 Rc8 12. Rfd1 Ne5 13. b3 Bc6 14. Rac1 Qd7 15. Bf4 Nh5 16. Be3 Nf6 17. h3 Qc7 18. Nc2 Nfd7 19. f4 f5 20. fxe5 Nxe5 21. exf5 Rxf5 22. Nd5 1-0

[Event "Regionalliga SW 0809"]
[Site "Bayern"]
[Date "2009.01.18"]
[Round "5.8"]
[White "Koch, Enrico"]
[Black "Neidl, Hans"]
[Result "1-0"]
[WhiteElo "2011"]
[BlackElo "1816"]
[PlyCount "63"]
[EventDate "2008.10.05"]
[EventType "team-tourn"]
[EventRounds "9"]
[EventCountry "GER"]
[SourceTitle "EXT 2020"]
[Source "ChessBase"]
[SourceDate "2019.10.17"]
[SourceVersion "1"]
[SourceVersionDate "2019.10.17"]
[SourceQuality "1"]
[WhiteTeam "Muenchen Tarrasch II"]
[BlackTeam "Garching II"]
[WhiteTeamCountry "GER"]
[BlackTeamCountry "GER"]

1. Nf3 d5 2. g3 Nf6 3. Bg2 g6 4. c4 Bg7 5. cxd5 Nxd5 6. 0-0 0-0 7. d4 c6 8. e4 Nf6 9. Nc3 e6 10. Be3 Nbd7 11. e5 Nd5 12. Bg5 Qc7 13. Nxd5 exd5 14. Qd2 Nb6 15. b3 Be6 16. h4 h5 17. Rac1 Qd7 18. Ne1 Bh3 19. Nd3 Bxg2 20. Kxg2 Qc8 21. f4 Qf5 22. Nc5 Rab8 23. Be7 Nd7 24. Nxd7 Qxd7 25. Bxf8 Bxf8 26. f5 Kh7 27. e6 Bh6 28. Qd3 Qe8 29. fxg6+ fxg6 30. Rce1 Rd8 31. Rf7+ Bg7 32. Re5 1-0

[Event "Regionalliga SW 0001"]
[Site "Bayern"]
[Date "2001.01.28"]
[Round "5.8"]
[White "Aicher, Hans"]
[Black "Neidl, Hans"]
[Result "0-1"]
[WhiteElo "1730"]
[BlackElo "1840"]
[PlyCount "57"]
[EventDate "2000.10.15"]
[EventType "team-tourn"]
[EventRounds "9"]
[EventCountry "GER"]
[SourceTitle "EXT 2020"]
[Source "ChessBase"]
[SourceDate "2019.10.17"]
[SourceVersion "1"]
[SourceVersionDate "2019.10.17"]
[SourceQuality "1"]
[WhiteTeam "Sonthofen"]
[BlackTeam "Garching"]
[WhiteTeamCountry "GER"]
[BlackTeamCountry "GER"]

1. d4 f5 2. e4 fxe4 3. Nc3 Nf6 4. Bg5 d5 5. Bxf6 exf6 6. Qh5+ g6 7. Qxd5 Bb4 8. Qxe4+ Kf7 9. Bc4+ Kg7 10. 0-0-0 Bxc3 11. bxc3 Re8 12. Qd5 Qe7 13. Qf3 Nc6 14. Ne2 Na5 15. Bd3 Qa3+ 16. Kb1 Be6 17. d5 Bf7 18. h4 c6 19. c4 b5 20. Be4 Nxc4 21. Qxa3 Nxa3+ 22. Kb2 Nc4+ 23. Kc3 Rxe4 24. Ng3 Re5 25. dxc6 Rc5 26. Kb4 Rxc6 27. Kxb5 Rb6+ 28. Kc5 Rc8+ 29. Kd4 0-1

[Event "Regionalliga SW 9900"]
[Site "Bayern"]
[Date "2000.??.??"]
[Round "6.8"]
[White "Neidl, Hans"]
[Black "Wiechmann, Gernot"]
[Result "0-1"]
[WhiteElo "1815"]
[BlackElo "1805"]
[PlyCount "88"]
[EventDate "1999.??.??"]
[EventType "team-tourn"]
[EventRounds "9"]
[EventCountry "GER"]
[SourceTitle "EXT 2020"]
[Source "ChessBase"]
[SourceDate "2019.10.17"]
[SourceVersion "1"]
[SourceVersionDate "2019.10.17"]
[SourceQuality "1"]
[WhiteTeam "Garching"]
[BlackTeam "Sonthofen"]
[WhiteTeamCountry "GER"]
[BlackTeamCountry "GER"]

1. Nf3 Nf6 2. c4 g6 3. d4 Bg7 4. Nc3 0-0 5. e4 d6 6. Be2 c5 7. d5 Na6 8. 0-0 Bd7 9. Bg5 h6 10. Bf4 Nc7 11. h3 Rb8 12. e5 Nfe8 13. Qd2 g5 14. exd6 exd6 15. Bh2 f5 16. Rab1 Qf6 17. Nb5 Nxb5 18. cxb5 b6 19. b4 Qc3 20. bxc5 bxc5 21. Rfc1 Qf6 22. Rxc5 g4 23. Ne1 gxh3 24. Rcc1 Qg6 25. Rb3 hxg2 26. a4 Nf6 27. Rg3 Qh7 28. Bd3 Ne4 29. Bxe4 fxe4 30. Rxg2 Rf6 31. Rc7 Rd8 32. Qc1 Rg6 33. Bg3 Bd4 34. Bh4 Rf8 35. Rxg6+ Qxg6+ 36. Ng2 Bh3 37. Qf1 e3 38. Bg3 exf2+ 39. Kh2 Bxg2 40. Kxg2 Qe4+ 41. Kh2 Rf5 42. Rc8+ Kh7 43. Rc7+ Kg6 44. Qh3 f1N+ 0-1

[Event "Regionalliga SW 9798"]
[Site "Bayern"]
[Date "1998.??.??"]
[Round "?.8"]
[White "Huebner, Lothar"]
[Black "Neidl, Hans"]
[Result "1-0"]
[WhiteElo "2150"]
[BlackElo "1815"]
[PlyCount "135"]
[EventDate "1997.10.??"]
[EventType "team-tourn"]
[EventRounds "9"]
[EventCountry "GER"]
[SourceTitle "EXT 2020"]
[Source "ChessBase"]
[SourceDate "2019.10.17"]
[SourceVersion "1"]
[SourceVersionDate "2019.10.17"]
[SourceQuality "1"]
[WhiteTeam "Augsburg SG 1873"]
[BlackTeam "Garching"]
[WhiteTeamCountry "GER"]
[BlackTeamCountry "GER"]

1. d4 f5 2. Nf3 Nf6 3. g3 d5 4. Bg2 e6 5. 0-0 Bd6 6. b3 0-0 7. c4 c6 8. Ba3 Bxa3 9. Nxa3 Nbd7 10. Nc2 Ne4 11. Nce1 Qe8 12. Nd3 Ndf6 13. Nfe5 Bd7 14. c5 Rd8 15. Qc1 Qh5 16. f3 Ng5 17. h4 Nf7 18. Nf4 Qh6 19. Nfd3 Qxc1 20. Rfxc1 Bc8 21. Nxf7 Rxf7 22. Ne5 Re7 23. b4 Nd7 24. Nxd7 Bxd7 25. f4 a6 26. e3 h5 27. Rab1 Be8 28. Bf1 Rc7 29. Rc3 g6 30. a4 Rdc8 31. Rcb3 Kf7 32. Kf2 Ke7 33. b5 axb5 34. axb5 cxb5 35. Bxb5 Bc6 36. Ra1 Kd8 37. Ra7 Kd7 38. Ke1 Kd8 39. Kd2 Kd7 40. Kc3 Kd8 41. Kb4 Kd7 42. Ka5 Kd8 43. Kb6 Rb8 44. Rba3 Kd7 45. Ra8 Rcc8 46. Rxb8 Rxb8 47. Ra7 Bxb5 48. Kxb5 Kc7 49. c6 Kc8 50. Kb6 bxc6+ 51. Kxc6 Kd8 52. Rg7 Rb3 53. Kd6 Ke8 54. Rxg6 Kf7 55. Rh6 Rxe3 56. Rxh5 Rxg3 57. Rh7+ Kg6 58. Re7 Kh5 59. Rxe6 Kg4 60. Ke5 Re3+ 61. Kxd5 Kxf4 62. Rxe3 Kxe3 63. h5 f4 64. h6 f3 65. h7 f2 66. h8Q f1Q 67. Qh6+ Kd3 68. Qa6+ 1-0